00298nam a2200109Ia 4500008004100000100002100041245006400062260002200126650001600148942000700164999001700171190216s9999||||xx |||||||||||||| ||und|| aJanardhanapillai 0aTrignometric Calculus Analytic Geometry And Vector Analysis bAjith Book Center aMathematics cBK c30662d30662